[Event "Hans & Lenze"]
[Site "Lippstadt"]
[Date "1998.08.09"]
[Round "11"]
[White "Pavasovic, Dusko"]
[Black "Bischoff, Klaus"]
[Result "0-1"]
[WhiteElo "2505"]
[BlackElo "2550"]

1.e4 e6 2.d4 d5 3.Nc3 Nf6 4.e5 Nfd7 5.f4 c5 6.Nf3 Nc6 7.Be3 a6 8.Qd2 cxd4
9.Nxd4 Bc5 10.O-O-O O-O 11.h4 Bxd4 12.Bxd4 b5 13.Rh3 b4 14.Ne2 a5 15.h5 Ba6
16.g4 Rc8 17.g5 Qc7 18.Bg1 Ne7 19.Nd4 Bxf1 20.Rxf1 Qc4  0-1

[Event "MK Cafe Cup-A"]
[Site "Koszalin"]
[Date "1998.08.10"]
[Round "8"]
[White "Dobrowolski, Piotr"]
[Black "Radziewicz, Iweta"]
[Result "0-1"]
[WhiteElo "2380"]
[BlackElo "2425"]

1.e4 e6 2.d4 d5 3.Nc3 Nf6 4.e5 Nfd7 5.f4 c5 6.Nf3 Nc6 7.Be3 a6 8.Qd2 b5 9.Qf2 Qa5
10.dxc5 b4 11.Nd1 Bxc5 12.b3 Qb6 13.Bd3 a5 14.O-O Ba6 15.Bxc5 Qxc5 16.Ne3 Ne7
17.Kh1 Bxd3 18.cxd3 Rc8 19.Rae1 O-O 20.d4 Qb5 21.Qh4 Ng6 22.Qg4 Rc3 23.f5 Rxe3
24.fxg6 hxg6 25.Ng5 Rxe1 26.Rxe1 Re8 27.Qh4 Nf8 28.Qf4 Qd7 29.Re3 Rc8 30.h4 Rc3
31.Re2 Nh7 32.Nh3 Qe7 33.Rf2 Rd3 34.Rc2 Rc3 35.Rf2 Qa7 36.Rd2 Qc7 37.Ng5 Nxg5
38.Qxg5 Rc1+ 39.Kh2 Rf1 40.Re2 Qc3 41.Qd2 Qa1 42.Rf2 Rh1+ 43.Kg3 Qg1 44.Qf4 Qh2+
45.Kf3 Qxf4+ 46.Kxf4 Rxh4+ 47.Ke3 Rh1 48.Rc2 Ra1 49.Kf4 Kf8 50.Kg5 Ke7 51.g4 Rd1
52.Rc7+ Ke8 53.Ra7 Rxd4 54.Rxa5 Re4 55.Ra8+ Kd7 56.Ra7+ Kc6 57.Rxf7 d4 58.Rf8 Rxe5+
59.Kf4 Re3  0-1

[Event "Wch (Men) U26"]
[Site "Rotterdam"]
[Date "1998.08.12"]
[Round "2"]
[White "Ovetchkin, Roman"]
[Black "Baranyai, Szabolcs Jr"]
[Result "1-0"]
[WhiteElo "2485"]
[BlackElo "2270"]

1.e4 e6 2.d4 d5 3.Nc3 Nf6 4.e5 Nfd7 5.f4 c5 6.dxc5 Bxc5 7.Qg4 O-O 8.Bd3 f5
9.Qh3 Nc6 10.Nf3 Be7 11.Be3 Nc5 12.Nd4 Nxd3+ 13.cxd3 Nb4 14.Rd1 Bd7 15.a3 Nc6
16.O-O a6 17.Qf3 Nxd4 18.Bxd4 b5 19.Qe3 Rc8 20.Bb6 Qxb6 21.Qxb6 Bc5+ 22.Qxc5 Rxc5
23.Rd2 Rfc8 24.Ne2 b4 25.axb4 Rb5 26.Ra1 Ra8 27.Kf2 Rxb4 28.Ke3 Kf7 29.Nd4 a5
30.b3 Rb7 31.Rda2 Rba7 32.h3 g6 33.g4 h6 34.Rg1 Rg8 35.Rag2 Raa8 36.Rc1 Ke7
37.Rc7 Kd8 38.Rb7 fxg4 39.hxg4 Ra6 40.Rb8+ Bc8 41.Rc2 Kd7 42.Kf3 h5 43.gxh5 gxh5
44.f5 Rf8 45.f6 Ra7 46.Nb5  1-0

[Event "Budapest FS08 IM-B"]
[Site "Budapest"]
[Date "1998.08.13"]
[Round "13"]
[White "Bokros, Albert"]
[Black "Vigh, Bela"]
[Result "1-0"]
[WhiteElo "2365"]
[BlackElo "2385"]

1.e4 e6 2.d4 d5 3.Nc3 Nf6 4.e5 Nfd7 5.f4 c5 6.Nf3 Nc6 7.Be3 Qb6 8.Na4 Qa5+
9.c3 b6 10.Bd2 c4 11.b4 Qa6 12.Be2 Ne7 13.O-O h5 14.Nh4 g6 15.Nb2 Qb7 16.a4 a6
17.Bf3 Qc7 18.f5 exf5 19.Qe2 Ra7 20.e6 Nf6 21.Bg5 Bg7 22.exf7+ Kxf7 23.Rae1 Re8
24.Bxf6 Bxf6 25.Nxg6 Qd6 26.Bxh5 Kg7 27.Ne5 Rf8 28.Qf3 Be6 29.Qg3+ Kh7 30.Ng6  1-0

[Event "Wch (Men) U26"]
[Site "Rotterdam"]
[Date "1998.08.14"]
[Round "4"]
[White "Van Blitterswijk, Stefan"]
[Black "Herraiz Lopez, Herminio"]
[Result "1/2-1/2"]
[WhiteElo "2320"]
[BlackElo "2405"]

1.e4 e6 2.d4 d5 3.Nc3 Nf6 4.e5 Nfd7 5.f4 c5 6.Nf3 Nc6 7.Be3 cxd4 8.Nxd4 Bc5
9.Qd2 O-O 10.O-O-O a6 11.Kb1 Bxd4 12.Bxd4 b5 13.h4 b4 14.Ne2 a5 15.h5 Ba6
16.h6 g6 17.Bf2 Qc7 18.g4 f6 19.Bg3 fxe5 20.f5 Nf6 21.Bg2 Rad8 22.fxe6 Qe7
23.Rhe1 Nxg4 24.Ng1 e4 25.Bh3 Nge5 26.Qh2 Qf6 27.e7 Qxe7 28.Bh4 g5 29.Qg3 Nf7
30.Nf3 Qd6 31.Qxd6 Rxd6 32.Nxg5 Rxh6 33.Rg1 Kh8 34.Bd7 Nce5 35.Nxf7+ Rxf7
36.Bg5 Nf3 37.Bxh6 Nxg1 38.Be8 Rf1 39.Rxf1 Bxf1 40.Bc6 Bh3 41.Bxd5 Bf5 42.Kc1 Nf3
43.c3 bxc3 44.bxc3 Ne5 45.c4 Ng4 46.Bd2 h5 47.Bxa5 h4 48.Bc7 h3 49.a4 h2
50.Bxh2 Nxh2 51.a5 Bc8 52.Bxe4 Kg7  1/2-1/2

[Event "Wch (Men) U26"]
[Site "Rotterdam"]
[Date "1998.08.17"]
[Round "6"]
[White "Wiersma, Eelke"]
[Black "Herraiz Lopez, Herminio"]
[Result "1/2-1/2"]
[WhiteElo "2355"]
[BlackElo "2405"]

1.e4 e6 2.d4 d5 3.Nc3 Nf6 4.e5 Nfd7 5.f4 c5 6.Nf3 Nc6 7.Be3 cxd4 8.Nxd4 Bc5
9.Qd2 Nxd4 10.Bxd4 b6 11.O-O-O Bb7 12.h4 Qe7 13.Rh3 O-O 14.h5 Rac8 15.Re3 Qh4
16.Rh3 Qe7 17.Re3 Qh4 18.Rh3  1/2-1/2

[Event "Wch (Men) U26"]
[Site "Rotterdam"]
[Date "1998.08.19"]
[Round "8"]
[White "Wiersma, Eelke"]
[Black "Barva, Attila"]
[Result "1/2-1/2"]
[WhiteElo "2355"]
[BlackElo "2290"]

1.e4 e6 2.d4 d5 3.Nc3 Nf6 4.e5 Nfd7 5.f4 a6 6.Nf3 b5 7.Be3 c5 8.Qd2 b4 9.Nd1 Nc6
10.Be2 Qb6 11.O-O cxd4  1/2-1/2

[Event "RUS-Cup final"]
[Site "Samara"]
[Date "1998.09.01"]
[Round "4"]
[White "Fedorov, Alexei"]
[Black "Volkov, Sergey"]
[Result "1/2-1/2"]
[WhiteElo "2600"]
[BlackElo "2605"]

1.e4 e6 2.d4 d5 3.Nc3 Nf6 4.e5 Nfd7 5.f4 c5 6.Nf3 Nc6 7.Be3 a6 8.Qd2 b5 9.Ne2 b4
10.h4 Be7 11.g3 O-O 12.Bh3 a5 13.dxc5 Nxc5 14.Ned4 Ne4 15.Qg2 Qb6 16.O-O Bc5
17.Rfd1 a4 18.Kh2 a3 19.b3 Nc3 20.Rd2 f6 21.Nxc6 Bxe3 22.Ne7+ Kh8 23.Nxc8 Raxc8
24.Rd3 d4 25.exf6 gxf6 26.Nd2 Bxd2 27.Qxd2 Rcd8 28.Re1 Rfe8 29.Rf3 Nxa2 30.Bf1 Nc3
31.Bd3 Qa7 32.Rff1 a2 33.Ra1 Qg7 34.Bc4 Re7 35.Qd3 e5 36.fxe5 fxe5 37.Rf5 e4
38.Qf1 d3 39.Rg5 Qh6 40.Qf4 Rg7 41.Rd5 Qb6 42.Rxd8+ Qxd8 43.cxd3 Ne2 44.Qe5 Nxg3
45.Kh3 Ne2 46.dxe4 Nd4 47.Qf4 Ne6 48.Qe3 Qa5 49.Qf3 Qe5 50.Rxa2 Rg8 51.Rg2 Rxg2
52.Kxg2 Nf4+ 53.Kf2 Ng6 54.Qf5 Qd4+ 55.Ke2 Qb2+ 56.Kf1 Qa1+ 57.Kf2 Qd4+ 58.Ke2 Qb2+  1/2-1/2

[Event "Taufkirchen"]
[Site "Taufkirchen"]
[Date "1998.09.06"]
[Round "8"]
[White "Hiermann, Dietmar"]
[Black "Ebner, Josef"]
[Result "1-0"]
[WhiteElo "2190"]
[BlackElo "1979"]

1.e4 e6 2.d4 d5 3.Nc3 Nf6 4.e5 Nfd7 5.f4 c5 6.Nf3 Nc6 7.Be3 Qa5 8.a3 c4 9.Be2 Be7
10.O-O f6 11.Qe1 O-O 12.Qg3 f5 13.Qh3 Rf7 14.Nd1 b5 15.Bd2 Qb6 16.c3 Na5
17.Be1 Nb3 18.Rb1 a5 19.Ne3 Nf8 20.Kh1 b4 21.axb4 axb4 22.g4 fxg4 23.Qxg4 bxc3
24.bxc3 Qc6 25.Ng5 Bxg5 26.Qxg5 Ra2 27.Bf3 Qa4 28.f5 Rxh2+ 29.Kxh2 Qa2+ 30.Bf2 Nd2
31.Bh5 g6 32.Ra1 Nxf1+ 33.Rxf1 Qd2 34.Qg2 exf5 35.Bf3 Qxc3 36.Nxd5 Qb2 37.Be3 Qb3
38.Bg5 Ne6 39.Ne7+ Rxe7 40.Bxe7 Nxd4 41.Bd5+  1-0

[Event "CRO-chT"]
[Site "Porec"]
[Date "1998.09.12"]
[Round "6"]
[White "Lalic, Bogdan"]
[Black "Dizdar, Goran"]
[Result "1/2-1/2"]
[WhiteElo "2560"]
[BlackElo "2570"]

1.e4 e6 2.d4 d5 3.Nc3 Nf6 4.e5 Nfd7 5.Nce2 c5 6.c3 Nc6 7.f4 f6 8.Nf3 Qb6
9.Qb3 Qc7 10.g3 cxd4 11.cxd4 Bb4+ 12.Kf2 O-O 13.Kg2 Ba5 14.Be3 Bb6 15.Rc1 Qb8
16.exf6 Nxf6 17.Ne5 Bd7 18.Nxd7 Nxd7 19.h3 Nf6 20.Qd3 Ne4 21.Kh2 Nd6  1/2-1/2

[Event "NRW Sportland Cup Masters"]
[Site "Senden"]
[Date "1998.10.08"]
[Round "1"]
[White "Schaffarczyk, Andre"]
[Black "Holzke, Frank"]
[Result "0-1"]
[WhiteElo "2115"]
[BlackElo "2425"]

1.e4 e6 2.d4 d5 3.Nc3 Nf6 4.e5 Nfd7 5.f4 c5 6.Nf3 Nc6 7.Be3 a6 8.Qd2 b5 9.dxc5 Bxc5
10.Qf2 Qb6 11.Bxc5 Nxc5 12.Bd3 b4 13.Ne2 a5 14.O-O Ba6 15.Rad1 Na4 16.Qxb6 Nxb6
17.Kf2 Ke7 18.Ned4 Nxd4 19.Nxd4 Na4 20.Bxa6 Rxa6 21.Rb1 f6 22.Ke3 Rc8 23.g4 fxe5
24.fxe5 Nb6 25.Kd3 Raa8 26.Nf3 Nc4 27.Kd4 Rf8 28.Ng5 Nd2 29.Rxf8 Rxf8 30.Rd1 Nc4
31.Nxh7 Rf4+ 32.Kc5 Nxe5 33.Re1 Nf7 34.g5 Rc4+ 35.Kb5 Rxc2 36.Kxa5 Rxb2 37.g6 Rxa2+
38.Kxb4 Rxh2 39.gxf7 Rxh7 40.f8=Q+ Kxf8 41.Rxe6 Kf7 42.Rd6 Rh5 43.Kc5 Rf5
44.Kd4 g5 45.Rxd5 Rxd5+ 46.Kxd5 Kg6 47.Ke4 Kh5 48.Kf3 Kh4  0-1

[Event "Elista ol (Men)"]
[Site "Elista"]
[Date "1998.10.09"]
[Round "10"]
[White "Wong Zi Jing"]
[Black "Chan, Mark"]
[Result "1-0"]
[WhiteElo "2120"]
[BlackElo "2240"]

1.e4 e6 2.d4 d5 3.Nc3 Nf6 4.e5 Nfd7 5.f4 c5 6.Nf3 Nc6 7.Be3 cxd4 8.Nxd4 Bc5
9.Qd2 O-O 10.Qf2 Nxd4 11.Bxd4 Qb6 12.O-O-O Bxd4 13.Qxd4 Qxd4 14.Rxd4 f6 15.exf6 Nxf6
16.g3 Bd7 17.Bh3 Rfe8 18.Rd2 Rad8 19.Re1 a6 20.Rde2 Kf7 21.Re5 Rc8 22.Ne2 Rc4
23.c3 Re4 24.Nd4 Rxe1+ 25.Rxe1 Ne4 26.Bg2 Nd6 27.Kc2 h6 28.Nf3 Bb5 29.b3 Kf6
30.Ne5 g5 31.Ng4+ Kg7 32.a4 Bc6 33.Kd3 gxf4 34.gxf4 Nf5 35.Bh3 h5 36.Ne5 Kf6
37.Rg1 Ne7 38.Kd4 b6 39.a5 bxa5 40.Ra1 Bb7 41.Rxa5 Nf5+ 42.Kd3 Bc8 43.Rc5 Nd6
44.Rc7 Re7 45.Rc6 Ne4 46.Bg2 Bb7 47.Rb6 Rc7 48.Bxe4 dxe4+ 49.Kd4 Kf5 50.c4 Kxf4
51.Rxe6 Rc8 52.Rf6+ Kg5 53.Rb6 Rd8+ 54.Ke3 Kf5 55.Nf7 Rd3+ 56.Ke2 Ba8 57.Rxa6 Rxb3
58.Rxa8 Kf4 59.Ra2 Rc3 60.Nd6 h4 61.Kf1 h3 62.Rf2+ Ke5 63.Rd2 Kf4 64.Ke2 Rc1
65.Rd1 Rc2+ 66.Rd2 Rc1 67.Rd4 Ke5 68.Rd5+ Ke6 69.Ke3 Rc2 70.Nxe4 Rxh2 71.Rh5  1-0

[Event "NRW Sportland Cup Masters"]
[Site "Senden"]
[Date "1998.10.09"]
[Round "2"]
[White "Berndt, Stephan"]
[Black "Thiel, Thomas"]
[Result "1-0"]
[WhiteElo "2505"]
[BlackElo "2355"]

1.e4 e6 2.d4 d5 3.Nc3 Nf6 4.e5 Nfd7 5.f4 c5 6.Nf3 Nc6 7.Be3 a6 8.Qd2 b5 9.dxc5 Bxc5
10.Bxc5 Nxc5 11.Qf2 Qb6 12.Bd3 b4 13.Ne2 b3 14.axb3 Nxd3+ 15.cxd3 Qxb3 16.O-O Qxd3
17.Qc5 Bd7 18.Nc3 Rc8 19.Rfd1 Nxe5 20.Qf2 Nxf3+ 21.Kh1 Qf5 22.Qxf3 O-O 23.Ne2 Rc4
24.b3 Rb4 25.Nd4 Qf6 26.Qe3 Rc8 27.Rxa6 Qe7 28.h3 Qc5 29.Kh2 g6 30.Raa1 Qb6
31.Kh1 Re8 32.Qd3 Qb8 33.Qd2 f6 34.Ra6 Rb6 35.Ra5 Qd6 36.Ra7 Re7 37.Ra8+ Kg7
38.Ra5 Qb4 39.Qa2 Rf7 40.Qa1 h6 41.Ra7 Qd6 42.Rf1 Re7 43.Ra8 Be8 44.Re1 Bf7
45.Ra7 Qb4 46.Ra4 Qc5 47.b4 Qd6 48.b5 Rc7 49.Ra6 Rc4 50.Qa5 Rxa6 51.bxa6 Rc8
52.a7 Qxf4 53.Nb5 d4 54.a8=Q Rxa8 55.Qxa8 Qf2 56.Qa1 e5 57.Rf1 Qe2  1-0

[Event "NRW Sportland Cup Masters"]
[Site "Senden"]
[Date "1998.10.11"]
[Round "4"]
[White "Berndt, Stephan"]
[Black "Bunzmann, Dimitrij"]
[Result "1/2-1/2"]
[WhiteElo "2505"]
[BlackElo "2455"]

1.e4 e6 2.d4 d5 3.Nc3 Nf6 4.e5 Nfd7 5.f4 c5 6.Nf3 Nc6 7.Be3 cxd4 8.Nxd4 Bc5
9.Qd2 O-O 10.O-O-O a6 11.h4 Bxd4 12.Bxd4 b5 13.Bg1 Qa5 14.Kb1 b4 15.Ne2 Nc5
16.Nd4 Ne4 17.Qe1 Nxd4 18.Bxd4 Rb8 19.Ka1 Bd7 20.Bd3 Rfc8 21.Bxe4 dxe4 22.Qxe4 Bc6
23.Qe2 Bd5 24.b3 Qc7 25.Rc1 Qb7 26.c4 Bxg2 27.Rhg1 Bh3 28.Qe3 h5 29.f5 exf5
30.e6 Bg4 31.Bxg7 Kxg7 32.Qg5+ Kf8 33.Qh6+ Kg8 34.Qg5+ Kf8 35.Qh6+ Kg8 36.Qg5+  1/2-1/2

[Event "Andres Clemente Vazquez mem"]
[Site "Guiines"]
[Date "1998.10.14"]
[Round "2"]
[White "Abreu, Arian"]
[Black "Elissalt Cardenas, Hector"]
[Result "1-0"]
[WhiteElo "2420"]
[BlackElo "2310"]

1.e4 e6 2.d4 d5 3.Nc3 Nf6 4.e5 Nfd7 5.f4 c5 6.Nf3 Nc6 7.Be3 cxd4 8.Nxd4 Qb6
9.Qd2 Nxd4 10.Bxd4 Qd8 11.O-O-O Bb4 12.h4 Nc5 13.Qe3 b6 14.h5 O-O 15.g4 Bd7
16.Kb1 Rc8 17.Be2 Qe8 18.f5 Bxc3 19.f6 Ne4 20.Bxc3 h6 21.Bb4 Ng5 22.Rhf1 Ba4
23.b3 Bb5 24.fxg7 Kxg7 25.Bxf8+ Kxf8 26.Bd3 Qc6 27.Rf2 Bxd3 28.cxd3 Qc5 29.Qf4 Kg7
30.Rdf1 Qc3 31.Qe3 d4 32.Qd2 Rc5 33.Rc1 Qxd2 34.Rxd2 Rxe5 35.Rc4 Re3 36.Rxd4 Rg3
37.Rc4 b5 38.Rc7 Rxg4 39.Rxa7 Rd4 40.Rf2 Rxd3 41.Rb7 Ne4 42.Rfxf7+ Kg8 43.Rfc7 Nc3+
44.Kc2  1-0

[Event "SVK-chT2A 9899"]
[Site "SVK"]
[Date "1998.10.18"]
[Round "2"]
[White "Federic, Pavol"]
[Black "Arpa, Zoltan"]
[Result "0-1"]
[WhiteElo "1930"]
[BlackElo "1861"]

1.e4 e6 2.d4 d5 3.Nc3 Nf6 4.e5 Nfd7 5.f4 c5 6.Nf3 h6 7.Be3 Nc6 8.Qd2 a6 9.Be2 cxd4
10.Nxd4 Nxd4 11.Bxd4 Bb4 12.a3 Ba5 13.O-O Bb6 14.Kh1 Bxd4 15.Qxd4 Qb6 16.Qd3 Nc5
17.Qe3 O-O 18.Rab1 Na4 19.Qg3 Nxc3 20.Qxc3 Bd7 21.Qg3 Rac8 22.Bd3 Bb5 23.c3 Bxd3
24.Qxd3 Rc4 25.h3 Re4 26.Kh2 Rc8 27.Rf3 Qc6 28.Rbf1 Qc4 29.Qxc4 Rcxc4 30.R1f2 Re1
31.g4 Rce4 32.Kg3 R4e3 33.Rxe3 Rxe3+ 34.Rf3 Re1 35.Rf2 g5 36.fxg5 hxg5 37.Rd2 Rxe5
38.Kf3 Kh7 39.Rd4 Re1 40.Rb4 b5 41.Rd4 Kg6 42.Rd2 Re4 43.b4 Rc4 44.Rd3 f5
45.gxf5+ Kxf5 46.Ke3 e5 47.Ke2 d4 48.cxd4 exd4 49.Rf3+ Ke5 50.Rg3 Kf5 51.Rf3+ Kg6
52.Kd2 Rc3 53.Rxc3 dxc3+ 54.Kxc3 Kh5 55.Kd4 Kh4 56.Kc5 Kxh3 57.Kb6 g4 58.Kxa6 g3
59.Kxb5 g2 60.a4 g1=Q 61.Ka6 Qd4 62.Kb5 Kg4 63.a5 Kf5 64.a6 Ke6 65.Ka5 Kd6
66.b5 Kc5  0-1

[Event "BL9899 (Women)"]
[Site "Germany"]
[Date "1998.10.24"]
[Round "1.1"]
[White "Just, Anita"]
[Black "Bobrowska, Monika"]
[Result "0-1"]
[WhiteElo "2115"]
[BlackElo "2470"]

1.e4 e6 2.d4 d5 3.Nc3 Nf6 4.e5 Nfd7 5.Nf3 c5 6.Be2 Nc6 7.Be3 a6 8.O-O Qc7
9.Re1 Be7 10.Bd3 cxd4 11.Nxd4 Qxe5 12.Nf3 Qd6 13.Ne2 O-O 14.c3 Nf6 15.Qc2 e5
16.Bf5 g6 17.Bxc8 Raxc8 18.Rad1 b5 19.Ng3 e4 20.Nd4 Ng4 21.Nxc6 Rxc6 22.Bd4 f5
23.h3 Ne5 24.Qb3 Nd3 25.Re2 Rc4 26.Nf1 Bg5 27.Ne3 Bxe3 28.Rxe3 f4 29.Rexd3 exd3
30.Rxd3 Re8 31.Qd1 Rc7 32.f3 Qe6 33.Bf2 Rd7 34.Rd2 g5 35.Kf1 Qf5 36.Bd4 h5
37.Qc2 Qxc2 38.Rxc2 Kf7 39.Rd2 Kg6 40.Bf2 Kf5 41.Rd4 g4 42.fxg4+ hxg4 43.hxg4+ Kxg4
44.g3 Re4 45.gxf4 Rxd4 46.Bxd4 Kxf4 47.Ke2 Ke4 48.Kd2 a5 49.Kc2 a4 50.b3 b4
51.bxa4 Rc7 52.Kd2 Rc4 53.a5 bxc3+ 54.Bxc3 d4 55.Bb2 Ra4 56.a3 Rxa5 57.Ke2 Rh5
58.Bc1 Rh2+ 59.Ke1 Kd3 60.Bf4 Rh1+ 61.Kf2 Ra1 62.Bd6 Kc2 63.Bb4 d3 64.Ke3 Ra2  0-1

[Event "Chigorin mem"]
[Site "St. Petersburg"]
[Date "1998.10.31"]
[Round "1"]
[White "Klimov, Sergey"]
[Black "Volkov, Sergey"]
[Result "1/2-1/2"]
[WhiteElo "2370"]
[BlackElo "2605"]

1.e4 e6 2.d4 d5 3.Nc3 Nf6 4.e5 Nfd7 5.Nce2 c5 6.c3 Nc6 7.f4 Be7 8.Nf3 O-O
9.a3 a5 10.Ng3 cxd4 11.cxd4 f6 12.Bd3 fxe5 13.dxe5 Nc5 14.Bb1 b6 15.h4 Qe8
16.Ng5 Bxg5 17.hxg5 g6 18.b3 Ba6 19.Ra2 Qf7 20.Rh6 Ra7 21.Nh5 gxh5 22.g6 Qe8
23.Qxh5 Nd3+ 24.Kd1 Rg7 25.f5 hxg6 26.fxg6 Rf1+ 27.Kd2 Rf2+ 28.Kd1 Rf1+ 29.Kd2  1/2-1/2

[Event "POL-chT"]
[Site "Lubniewice"]
[Date "1998.11.01"]
[Round "1"]
[White "Macieja, Bartlomiej"]
[Black "Gradalski, Przemyslaw"]
[Result "1-0"]
[WhiteElo "2490"]
[BlackElo "2330"]

1.e4 e6 2.Nc3 d5 3.d4 Nf6 4.e5 Nfd7 5.f4 c5 6.Nf3 Nc6 7.Be3 a6 8.Qd2 b5 9.dxc5 Bxc5
10.Bxc5 Nxc5 11.Qf2 Qb6 12.Bd3 b4 13.Ne2 a5 14.O-O Ba6 15.Kh1 Ne7 16.Rfd1 Na4
17.Qxb6 Nxb6 18.Bxa6 Rxa6 19.a3 bxa3 20.b3 O-O 21.Rxa3 Rc8 22.Ned4 Rc3 23.Rda1 a4
24.R3a2 g6 25.bxa4 Nf5 26.a5 Nd7 27.Kg1 Nxd4 28.Nxd4 Nc5 29.Nb5 Rc4 30.Nc7 Ra7
31.a6 Rxc7 32.a7 Rxa7 33.Rxa7 Rxc2 34.Rc7 d4 35.Ra8+ Kg7 36.Raa7 Rc1+ 37.Kf2 Nd3+
38.Kg3 Rxc7 39.Rxc7 g5 40.f5 Nxe5 41.fxe6 Kf8 42.exf7 h6 43.Rc5 Ng6 44.Rd5 Nf4
45.Rd7 d3 46.Kf3 d2 47.Rxd2 Kxf7 48.Kg4  1-0

[Event "Chigorin mem"]
[Site "St. Petersburg"]
[Date "1998.11.02"]
[Round "3"]
[White "Yagupov, Igor"]
[Black "Volkov, Sergey"]
[Result "0-1"]
[WhiteElo "2450"]
[BlackElo "2605"]

1.e4 e6 2.d4 d5 3.Nc3 Nf6 4.e5 Nfd7 5.f4 c5 6.Nf3 Nc6 7.Be3 a6 8.Qd2 b5 9.Be2 Bb7
10.O-O b4 11.Nd1 Rc8 12.Nf2 Qb6 13.dxc5 Bxc5 14.Bxc5 Nxc5 15.Kh1 Ne4 16.Nxe4 dxe4
17.Ng5 e3 18.Qc1 h6 19.Nf3 O-O 20.Bd3 b3 21.axb3 Nb4 22.Qd1 Rfd8 23.Ne1 Nxd3
24.cxd3 Qb4 25.Nf3 Qb5 26.Ne1 Be4 27.Qe2 Rxd3 28.Nxd3 Bxd3 29.Qf3 Be2 30.Ra5 Qxa5
31.Qxe2 Qd2 32.Qe1 e2 33.Rg1 Rd8 34.Qa1 Rd5  0-1

[Event "Wch U18"]
[Site "Oropesa del Mar"]
[Date "1998.11.06"]
[Round "10"]
[White "Beenish, Bhatia"]
[Black "Senff, Martin"]
[Result "0-1"]
[WhiteElo "2190"]
[BlackElo "2395"]

1.e4 e6 2.d4 d5 3.Nc3 Nf6 4.e5 Nfd7 5.f4 c5 6.Nf3 Nc6 7.Be3 a6 8.Qd2 b5 9.a4 b4
10.Nd1 Qb6 11.Nf2 a5 12.g4 Ba6 13.Bh3 cxd4 14.Nxd4 Bc5 15.Rd1 g5 16.Ne4 Nxd4
17.Bxd4 dxe4  0-1

[Event "Wch U18 Girls"]
[Site "Oropesa del Mar"]
[Date "1998.11.07"]
[Round "11"]
[White "Iwaniuk, Dorota"]
[Black "Hoang Th Trang"]
[Result "1-0"]
[WhiteElo "2195"]
[BlackElo "2350"]

1.e4 e6 2.d4 d5 3.Nc3 Nf6 4.e5 Nfd7 5.f4 c5 6.Nf3 Nc6 7.Be3 cxd4 8.Nxd4 Bc5
9.Qd2 O-O 10.O-O-O a6 11.h4 Qc7 12.Rh3 Bxd4 13.Bxd4 b5 14.Kb1 b4 15.Na4 Qa5
16.b3 Nxd4 17.Qxd4 Bb7 18.c3 bxc3 19.Rxc3 Rfc8 20.Rdc1 Rxc3 21.Rxc3 Rc8 22.Kb2 f6
23.exf6 gxf6 24.h5 Rxc3 25.Nxc3 Qb6 26.Qxb6 Nxb6 27.Bd3 e5 28.fxe5 fxe5 29.Bf5 Kg7
30.g4 h6 31.a4 a5 32.Nb5 Kf6 33.b4 e4 34.bxa5 Nxa4+ 35.Kb3 Nc5+ 36.Kb4 Nd3+
37.Kc3 Ke5 38.Nd4 Nf4 39.Bd7 Nd3 40.Bb5 Nc5 41.Nf5 Ne6 42.a6  1-0

[Event "ISR-ch (Women)"]
[Site "Ramat Aviv"]
[Date "1998.11.10"]
[Round "2.1"]
[White "Srumin, Galina"]
[Black "Pitam, Ela"]
[Result "0-1"]
[WhiteElo "2125"]
[BlackElo "2330"]

1.e4 e6 2.d4 d5 3.Nc3 Nf6 4.e5 Nfd7 5.Nf3 c5 6.dxc5 Nc6 7.Bf4 Nxc5 8.Be2 Be7
9.h4 a6 10.Bd3 b5 11.a3 Bb7 12.Ng5 h6 13.Nf3 Qb6 14.h5 O-O-O 15.Qe2 Kb8 16.O-O Rdg8
17.a4 b4 18.a5 Qd8 19.Na4 Nxd3 20.Qxd3 g5 21.Be3 g4 22.Nd4 Nxe5 23.Bf4 Bd6
24.Bxe5 Bxe5 25.Nc5 Qd6 26.Nxb7 Kxb7 27.Ra4 Rg5 28.Qb3 Bh2+ 29.Kh1 Rxh5 30.Rxb4+ Ka8
31.g3 Bxg3+ 32.Kg1 Rh3 33.Rb6 Bh2+ 34.Kg2 Rxb3 35.Rxd6 Bxd6 36.Nxb3 h5 37.Nd4 h4
38.c3 Rb8 39.Rb1 h3+ 40.Kh1 Bc5 41.Nc6 Rg8 42.Rf1 Kb7 43.Ne5 f6 44.Nd7 Kc6
45.Nxf6 Rg6 46.Nh5 e5 47.Kh2 Rg5 48.Ng3 Bd6 49.Rd1 e4 50.b4 Rf5 51.Rd2 e3  0-1

[Event "AMEBS"]
[Site "La Plata"]
[Date "1998.11.22"]
[Round "1"]
[White "Spangenberg, Hugo"]
[Black "Garcia Palermo, Carlos"]
[Result "1/2-1/2"]
[WhiteElo "2520"]
[BlackElo "2470"]

1.e4 e6 2.d4 d5 3.Nc3 Nf6 4.e5 Nfd7 5.f4 c5 6.Nf3 Nc6 7.Be3 Qb6 8.Na4 Qa5+
9.c3 c4 10.b4 Qc7 11.Be2 b5 12.Nc5 a5 13.a3 Be7 14.O-O axb4 15.axb4 Rxa1
16.Qxa1 O-O 17.Qb1 Nxc5 18.dxc5 f6 19.Bd4 Bd7 20.Bd1 Nxd4 21.cxd4 f5 22.Rf2 Ra8
23.Ra2 Qd8 24.Qa1  1/2-1/2

[Event "AMEBS"]
[Site "La Plata"]
[Date "1998.11.23"]
[Round "2"]
[White "Giaccio, Alfredo"]
[Black "Panno, Oscar"]
[Result "1-0"]
[WhiteElo "2460"]
[BlackElo "2465"]

1.e4 e6 2.d4 d5 3.Nc3 Nf6 4.e5 Nfd7 5.Nce2 c5 6.c3 b5 7.Nf4 cxd4 8.cxd4 Qa5+
9.Bd2 Qb6 10.Bd3 Nc6 11.Be3 b4 12.Rc1 Ba6 13.Bb1 Rc8 14.b3 Ne7 15.Rxc8+ Bxc8
16.Nf3 a5 17.Ng5 h6 18.Nxf7 Kxf7 19.Qh5+ Kg8 20.Qe8 Qc6 21.Ng6 Nxg6 22.Bxg6 Nxe5
23.Bf7+ Kh7 24.Bg6+ Kg8 25.dxe5 Qxe8 26.Bxe8 g5 27.Kd2 Rh7 28.Rc1 Bb7 29.Bb6 Re7
30.Bb5 Bg7 31.Rc7 Rf7 32.Bd7  1-0

[Event "Max Wilkerson"]
[Site "San Francisco"]
[Date "1998.11.24"]
[Round "6"]
[White "Baker, Jonathan"]
[Black "Rey, Guillermo"]
[Result "1/2-1/2"]
[WhiteElo "2135"]
[BlackElo "2370"]

1.e4 e6 2.d4 d5 3.Nc3 Nf6 4.e5 Nfd7 5.f4 c5 6.Nf3 a6 7.Be3 Qb6 8.Na4 Qa5+
9.c3 cxd4 10.b4 Qc7 11.Bxd4 Nc6 12.a3 b5 13.Nb2 Nxd4 14.cxd4 Nb6 15.Qb3 Nc4
16.Be2 Be7 17.O-O O-O 18.Nd3 Bd7 19.Nc5 a5 20.Qd3 f5 21.exf6 Bxf6 22.Ne5 Nxe5
23.fxe5 Be7  1/2-1/2

[Event "Owens Corning"]
[Site "Wrexham"]
[Date "1998.11.25"]
[Round "8"]
[White "Wall, Tim"]
[Black "Brynell, Stellan"]
[Result "1/2-1/2"]
[WhiteElo "2370"]
[BlackElo "2485"]

1.e4 e6 2.d4 d5 3.Nc3 Nf6 4.e5 Nfd7 5.f4 c5 6.Nf3 Nc6 7.Be3 cxd4 8.Nxd4 Bc5
9.Qd2 O-O 10.O-O-O a6 11.h4 Bxd4 12.Bxd4 b5 13.Rh3 b4 14.Na4 Nxd4 15.Qxd4 f6
16.Rg3 fxe5 17.fxe5 Qc7 18.Re1 Nxe5 19.Rxe5 Rxf1+ 20.Kd2 Bb7 21.Nc5 Rf5 22.Rg5 Rxg5
23.Rxg5 Re8 24.Qxb4  1/2-1/2

[Event "Autumn Int"]
[Site "Tel Aviv"]
[Date "1998.12.08"]
[Round "1"]
[White "Botvinnik, Mikhail2"]
[Black "Haimovich, Tal"]
[Result "1-0"]
[WhiteElo "2205"]
[BlackElo "2280"]

1.e4 e6 2.d4 d5 3.Nc3 Nf6 4.e5 Nfd7 5.f4 c5 6.Nf3 Nc6 7.Be3 a6 8.a3 Qb6 9.dxc5 Bxc5
10.Na4 Qa5+ 11.b4 Qxa4 12.bxc5 Na5 13.Qd2 Nc4 14.Bxc4 Qxc4 15.Qd3 Qa4 16.O-O Qa5
17.Qd4 Nb8 18.f5 exf5 19.e6 f6 20.Qxd5 Nc6 21.Rad1 Qc7 22.Qxf5 Ne7 23.Qh5+ g6
24.Qh4 O-O 25.Nd4 Qe5 26.Bh6 Rd8 27.Nf3 Qxc5+ 28.Kh1 Rxd1 29.Rxd1 Nd5 30.Rxd5  1-0

[Event "Boavista Challenge"]
[Site "Porto"]
[Date "1998.12.11"]
[Round "9"]
[White "Ribeiro, Fernando"]
[Black "Parcerias, Pedro"]
[Result "0-1"]
[WhiteElo "2335"]
[BlackElo "2255"]

1.e4 e6 2.d4 d5 3.Nc3 Nf6 4.e5 Nfd7 5.Nce2 c5 6.c3 Nc6 7.f4 cxd4 8.cxd4 Qa5+
9.Kf2 Be7 10.Nf3 O-O 11.g3 f6 12.Kg2 b5 13.g4 Qb6 14.h3 Bb7 15.exf6 Nxf6
16.Ng3 Ne4 17.Be3 Bd6 18.Nxe4 dxe4 19.Ng5 Bxf4 20.Bxf4 Rxf4 21.Nxe6 Rf6 22.Qb3 Na5  0-1

[Event "Budapest FS12 IM-A"]
[Site "Budapest"]
[Date "1998.12.12"]
[Round "8"]
[White "Szalanczy, Emil"]
[Black "Jakab, Attila"]
[Result "1-0"]
[WhiteElo "2370"]
[BlackElo "2245"]

1.e4 e6 2.d4 d5 3.Nc3 Nf6 4.e5 Nfd7 5.f4 c5 6.Nf3 Nc6 7.Be3 cxd4 8.Nxd4 Bc5
9.Qd2 O-O 10.O-O-O a6 11.h4 Bxd4 12.Bxd4 b5 13.Kb1 b4 14.Ne2 a5 15.h5 a4
16.Rh3 Ba6 17.Bf2 Qe7 18.Nd4 Na5 19.Nb5 Rab8 20.Nd6 Bxf1 21.Rxf1 f6 22.Bh4 Qd8
23.Rg3 Qc7 24.Qe2 fxe5 25.Be7 b3 26.Qg4 Qxc2+ 27.Ka1 Rf7 28.Qxe6  1-0

[Event "BEL-chT9899"]
[Site "Antwerp"]
[Date "1998.12.20"]
[Round "5"]
[White "Gommers, Ralf"]
[Black "Kern, Guido"]
[Result "1-0"]
[WhiteElo "2325"]
[BlackElo "2395"]

1.e4 e6 2.d4 d5 3.Nc3 Nf6 4.e5 Nfd7 5.f4 c5 6.Nf3 Nc6 7.Be3 cxd4 8.Nxd4 Bc5
9.Qd2 a6 10.O-O-O O-O 11.Be2 Nxd4 12.Bxd4 b5 13.Bf3 Bb7 14.Ne2 Qc7 15.Rhe1 Rfd8
16.Qe3 Rac8 17.Kb1 Bf8 18.Rc1 Re8 19.g4 f6 20.exf6 gxf6 21.g5 Bg7 22.gxf6 Bxf6
23.Bxf6 Nxf6 24.Nd4 e5 25.fxe5 Ne4 26.Bxe4 dxe4 27.Rg1+ Kh8 28.e6 Rg8 29.Nf5 Rxg1
30.Qd4+ Rg7 31.e7  1-0

[Event "Groningen op"]
[Site "Groningen"]
[Date "1998.12.20"]
[Round "1"]
[White "Solleveld, Maarten"]
[Black "Volkov, Sergey"]
[Result "1-0"]
[WhiteElo "2295"]
[BlackElo "2605"]

1.e4 e6 2.d4 d5 3.Nc3 Nf6 4.e5 Nfd7 5.f4 c5 6.Nf3 Nc6 7.Be3 a6 8.Qd2 b5 9.dxc5 b4
10.Na4 Qa5 11.Nb6 Nxb6 12.cxb6 Bc5 13.Bxc5 Qxc5 14.Qf2 Qa5 15.Bd3 Rb8 16.Qg3 O-O
17.O-O Qxb6+ 18.Kh1 h6 19.Rad1 a5 20.Qh4 Qd8 21.Qf2 f5 22.exf6 Qxf6 23.Qc5 Bd7
24.Bb5 Rfc8 25.Bxc6 Bxc6 26.Qd6 Ba4 27.Nd4 Rd8 28.Qxe6+ Qxe6 29.Nxe6 Rdc8
30.b3 Bb5 31.Rf2 Rc3 32.Nd4 Bd7 33.Re1 Rbc8 34.h3 Be8 35.Rfe2 Bg6 36.f5 Bf7
37.Re7 R8c7 38.Kg1 R3c5 39.Kf2 a4 40.bxa4 Rxe7 41.Rxe7 Ra5 42.Nc6 Rxa4 43.Ne5 Bh5
44.g4 Kf8 45.Rc7 Be8 46.Nd3 Bf7 47.Rb7 Rxa2 48.Nxb4 Ra3 49.Nd3 Rc3 50.Rb2 g6
51.Ke3 gxf5 52.gxf5 Kg7 53.Rb6 Rxc2 54.f6+ Kh7 55.Ne5 Rc7 56.Kf4 Bg6 57.Rd6 Ra7
58.Rxd5 Ra4+ 59.Ke3 Ra7 60.Rb5 h5 61.h4 Ra3+ 62.Kf4 Ra1 63.Rb7+ Kh6 64.f7 Rf1+
65.Kg3 Bh7 66.Nf3 Kg7 67.f8=Q+  1-0